| 000 | 01049nam a22002777i 4500 | ||
|---|---|---|---|
| 003 | EG-ScBUE | ||
| 005 | 20240305155221.0 | ||
| 008 | 220731s2023 u f 000 0 ara d | ||
| 017 | _a2023 / 3256 | ||
| 040 |
_aEG-ScBUE _bara _erda _cEG-ScBUE _dEG-ScBUE |
||
| 043 | _af-ua--- | ||
| 082 | 0 | 4 |
_222 _a962.03 _bب د ر |
| 100 | 1 |
_aبدري، محمد عبد الستار، _eمؤلف. |
|
| 245 | 1 | 2 |
_aالمواجهة المصرية الأوربية في عهد محمد علي / _cد. محمد عبد الستار البدري. |
| 250 | _aالطبعة الثالثة. | ||
| 264 | 1 |
_aالقاهرة : _bمركز الأهرام للترجمة والنشر، _c2023. |
|
| 300 |
_a245 صفحة ؛ _c24 سم |
||
| 336 |
_2rdacontent _aنص _btxt |
||
| 337 |
_2rdamedia _aبدون وسيط _bn |
||
| 338 |
_2rdacarrier _aمجلد _bnc |
||
| 541 | _aBook Fair 2024. | ||
| 651 | 7 |
_2BUEsh _aمصر _xتاريخ _yالعصر الحديث _yعصر محمد علي (1805-1849). |
|
| 653 |
_cMarch2024 _bGGEN |
||
| 655 | _vReading book | ||
| 942 | _2ddc | ||
| 999 |
_c30697 _d30668 |
||